| 000 | 00943nac a22002651u 4500 | ||
|---|---|---|---|
| 008 | 170925b xxu||||| |||| 00| 0 eng d | ||
| 010 | _a 2004269816 | ||
| 020 | _a0199260710 (Pbk.) | ||
| 020 | _a0199261946 (Hbk.) | ||
| 020 | _a9780199260713 | ||
| 082 | 0 | 4 |
_a341 _bB822 |
| 100 |
_aBrownlie, Ian. _932686 |
||
| 245 | 1 | 0 |
_aPrinciples of public international law / _cby Ian Brownlie. |
| 250 | _a6th ed. | ||
| 260 |
_aOxford ; _aNew York : _bOxford University Press,2003 _c2003. |
||
| 300 |
_axlii, 742 p. ; _c25 cm. |
||
| 504 | _aIncludes bibliographical references and index. | ||
| 650 | 0 |
_aInternational law. _2BUEsh |
|
| 651 | _2BUEsh | ||
| 653 | _bLLAAWW | ||
| 655 |
_vText book _933728 |
||
| 856 | 4 | 2 |
_3Publisher description _uhttp://www.loc.gov/catdir/enhancements/fy0620/2004269816-d.html |
| 856 | 4 | 2 |
_3Table of contents only _uhttp://www.loc.gov/catdir/enhancements/fy0620/2004269816-t.html |
| 942 |
_k341B822 _2ddc |
||
| 999 |
_c2963 _d2963 |
||